000 00319 a2200109 4500
001 ART_50436
005 20260410162043.0
008 260409a
245 1 0 _aDisminuye la asimetría en las tasas de interés
100 1 _aCoronello, Silvina E.
773 0 _tImpuestos
_g- N°64 (nov. 2019)
_wREV45175
999 _c35076
_d35076